Normal view
MARC view
- مجلس الوزراء، الفتوى والتشريع، الكويت
Entry Personal Name
001 - CONTROL NUMBER
- control field: 46674
003 - CONTROL NUMBER IDENTIFIER
- control field: JO-AjAnu
005 - DATE AND TIME OF LATEST TRANSACTION
- control field: 20230606081718.0
008 - FIXED-LENGTH DATA ELEMENTS
- fixed length control field: 230606|| aca||aabn | a|a d
040 ## - CATALOGING SOURCE
- Original cataloging agency: JO-AjAnu
- Transcribing agency: JO-AjAnu
100 ## - HEADING--PERSONAL NAME
- Personal name: مجلس الوزراء، الفتوى والتشريع، الكويت
670 ## - SOURCE DATA FOUND
- Source citation: Work cat.: (JO-AjAnu)23891: مجلس الوزراء، الفتوى والتشريع، الكويت, author, القانون المدني والتشريعات المكملة له